Statistics for U.S. State Shapes Quiz #1

Click here to take the quiz!

General Stats

  • This quiz has been taken 83,917 times
    (83,874 since last reset)
  • The average score is 17 of 25

Answer Stats

Answer % Correct
Texas
99%
Hawaii
98%
Florida
88%
Tennessee
82%
Nevada
81%
Colorado
77%
Washington
76%
Virginia
74%
Massachusetts
70%
Maryland
69%
Illinois
67%
Kentucky
67%
New Mexico
66%
Utah
65%
Vermont
64%
Montana
64%
Minnesota
62%
Alabama
61%
Pennsylvania
60%
Arizona
57%
Missouri
57%
Indiana
56%
Delaware
54%
Arkansas
48%
Rhode Island
46%

Score Distribution

Percentile by Number Answered

Percent of People with Each Score

Your Score History

You have not taken this quiz since the last reset